|
|
|
|
| LEADER |
02677nam a22004697a 4500 |
| 001 |
42797 |
| 003 |
BD-DhAAL |
| 005 |
20250508191649.0 |
| 008 |
240709t2023 bg ||||| b||| 001 0 ben d |
| 020 |
|
|
|a 9789849815761
|
| 020 |
|
|
|a 9841807009
|
| 040 |
|
|
|a BD-DhAAL
|c BD-DhAAL
|
| 041 |
|
|
|a ben
|
| 082 |
|
|
|a 780.095492
|2 23
|
| 245 |
|
|
|a বাঙালির সংগীতচিন্তা.
|n দ্বাদশ খণ্ড /
|c সম্পাদক, করুণাময় গোস্বামী ; গ্রন্থমালা সম্পাদক, আবদুল্লাহ আবু সায়ীদ.
|
| 246 |
|
|
|a Bangalir chintamulok rochona shongroho :
|b shongeet [dadosh khondo]
|
| 246 |
|
|
|a A collection of Bengali thoughts :
|b music [volume : 12]
|
| 264 |
|
|
|a ঢাকা :
|b বিশ্বসাহিত্য কেন্দ্র,
|c ২০২৩.
|
| 300 |
|
|
|a ৩১৮ পৃষ্ঠা ;
|c ২২ সে.মি.
|
| 362 |
|
|
|a Vol. 12
|
| 490 |
|
|
|a বাঙালির চিন্তামূলক রচনা সংগ্রহ ;
|v ৮৯
|
| 490 |
|
|
|a বিশ্বসাহিত্য কেন্দ্র প্রকাশনা ;
|v ৭০১
|
| 500 |
|
|
|a প্রথম প্রকাশ.
|
| 504 |
|
|
|a গ্রন্থপঞ্জিগত নির্দেশিকা অন্তর্ভুক্ত।
|
| 526 |
|
|
|a AAL, RS
|
| 541 |
|
|
|a Bishwo Shahitto Kendro
|e 42797, 42833
|
| 650 |
|
|
|a Music
|z Bangladesh.
|
| 650 |
|
|
|a Songs, Bengali
|z Bangladesh.
|
| 650 |
|
|
|a Songs, Bengali
|z India.
|
| 650 |
|
|
|a Songs, Bengali
|z Bangladesh
|x History and criticism.
|9 55001
|
| 650 |
|
|
|a Songs, Bengali
|z India
|x History and criticism.
|9 55551
|
| 650 |
|
|
|a Music
|z Bangladesh
|x History and criticism.
|
| 650 |
|
|
|a Music
|z India
|x History and criticism.
|9 53748
|
| 700 |
|
|
|a গোস্বামী, করুণাময়.
|9 3818
|
| 700 |
|
|
|a সায়ীদ, আবদুল্লাহ আবু.
|
| 830 |
|
|
|a বাঙালির চিন্তামূলক রচনা সংগ্রহ ;
|v ৮৯
|9 56003
|
| 830 |
|
|
|a বিশ্বসাহিত্য কেন্দ্র প্রকাশনা ;
|v ৭০১
|9 53391
|
| 852 |
|
|
|a Ayesha Abed Library
|c Reference
|
| 942 |
|
|
|2 ddc
|c BK
|
| 999 |
|
|
|c 46839
|d 46839
|
| 952 |
|
|
|0 0
|1 0
|2 ddc
|4 0
|6 780_095492000000000_BAN
|7 1
|9 75904
|a BRACUL
|b BRACUL
|c REF
|d 2024-07-03
|e Bishwo Shahitto Kendro
|g 400.00
|l 0
|o 780.095492 BAN
|p 3010042797
|r 2024-07-03
|t 1
|v 800.00
|w 2024-07-03
|y BK
|
| 952 |
|
|
|0 0
|1 0
|2 ddc
|4 0
|6 780_095492000000000_BAN
|7 1
|9 75905
|a SCL
|b SCL
|c REF
|d 2024-07-03
|e Bishwo Shahitto Kendro
|g 400.00
|l 0
|o 780.095492 BAN
|p 3020042833
|r 2024-07-03
|t 2
|v 800.00
|w 2024-07-03
|y BK
|